[Event "Mittelrhein Regionalliga 16/17"]
[Site "Nordrheinwestfalen"]
[Date "2017.02.19"]
[Round "8.8"]
[White "Auschkalnis, Reinhard"]
[Black "Fehlau, Klaus"]
[Result "1/2-1/2"]
[WhiteElo "1552"]
[BlackElo "1483"]
[PlyCount "65"]
[EventDate "2016.09.11"]
[EventType "team-tourn"]
[EventRounds "11"]
[EventCountry "GER"]
[SourceTitle "EXT 2022"]
[Source "ChessBase"]
[SourceDate "2021.10.06"]
[SourceVersion "1"]
[SourceVersionDate "2021.10.06"]
[SourceQuality "1"]
[WhiteTeam "Bonn Beuel"]
[BlackTeam "Godesberg III"]
[WhiteTeamCountry "GER"]
[BlackTeamCountry "GER"]

1. e4 e5 2. Bc4 Nc6 3. Nf3 Bc5 4. 0-0 Nf6 5. d3 d6 6. c3 0-0 7. Bb3 Bg4 8. h3 Bh5 9. Re1 Re8 10. Nbd2 Qe7 11. Nf1 Nd8 12. Be3 Bxe3 13. Nxe3 Ne6 14. Bxe6 fxe6 15. g4 Bg6 16. Nh4 Qf7 17. Nxg6 Qxg6 18. Ng2 Rf8 19. Qd2 Qf7 20. Rf1 d5 21. Qe3 Qe7 22. Rae1 Nd7 23. exd5 exd5 24. f4 Qc5 25. d4 exd4 26. cxd4 Qb4 27. Qe6+ Rf7 28. Qxd5 Nf6 29. Qc5 Qxb2 30. Rf2 Qb6 31. Qc4 Qd6 32. Rfe2 Kf8 33. Qc5 1/2-1/2

[Event "Bad Godesberg op 17th"]
[Site "Bad Godesberg"]
[Date "2013.08.11"]
[Round "9"]
[White "Fehlau, Klaus"]
[Black "Hajek, Florian"]
[Result "0-1"]
[WhiteElo "1730"]
[BlackElo "1370"]
[PlyCount "64"]
[EventDate "2013.08.03"]
[EventType "swiss"]
[EventRounds "9"]
[EventCountry "GER"]
[SourceTitle "CBM 155 Extra"]
[Source "ChessBase"]
[SourceDate "2013.08.26"]
[SourceVersion "1"]
[SourceVersionDate "2013.08.26"]
[SourceQuality "1"]

1. d4 c5 2. d5 d6 3. Nf3 e6 4. Nc3 Nf6 5. e4 exd5 6. Nxd5 Nc6 7. Bc4 Be7 8. 0-0 0-0 9. Re1 Bg4 10. Bf4 Nd4 11. Be2 Nxe2+ 12. Qxe2 Nxd5 13. exd5 Bf6 14. c3 Qd7 15. h3 Rfe8 16. Qd3 Bf5 17. Qd2 Kf8 18. Rad1 Rxe1+ 19. Rxe1 Bd8 20. Ng5 Bc7 21. Re3 h6 22. Ne4 Re8 23. Bxh6 Bxe4 24. Bg5 Bg6 25. Kf1 Rxe3 26. Qxe3 Qe8 27. Qd2 Qe4 28. a3 f6 29. Be3 Bf7 30. b4 Qc4+ 31. Ke1 Bxd5 32. g3 Bg2 0-1

[Event "Bad Godesberg op 17th"]
[Site "Bad Godesberg"]
[Date "2013.08.10"]
[Round "8"]
[White "Pislaru, Adrian Maximilian"]
[Black "Fehlau, Klaus"]
[Result "1-0"]
[WhiteElo "1181"]
[BlackElo "1730"]
[PlyCount "109"]
[EventDate "2013.08.03"]
[EventType "swiss"]
[EventRounds "9"]
[EventCountry "GER"]
[SourceTitle "CBM 155 Extra"]
[Source "ChessBase"]
[SourceDate "2013.08.26"]
[SourceVersion "1"]
[SourceVersionDate "2013.08.26"]
[SourceQuality "1"]

1. Nf3 Nf6 2. g3 g6 3. Bg2 d5 4. d3 Nc6 5. Nbd2 Bg7 6. 0-0 0-0 7. e4 dxe4 8. dxe4 Bg4 9. h3 Bxf3 10. Bxf3 Ne5 11. Bg2 Qd6 12. f4 Qc5+ 13. Kh2 Nc4 14. Nxc4 Qxc4 15. e5 Ne4 16. c3 Rad8 17. Qc2 Nc5 18. b3 Qd3 19. Qxd3 Rxd3 20. Rf3 Rfd8 21. c4 e6 22. Ba3 Bf8 23. Bxc5 Bxc5 24. Rxd3 Rxd3 25. Bxb7 Rd2+ 26. Bg2 Bd4 27. Rc1 Rxa2 28. Rd1 Bb6 29. Rd3 a5 30. Rd8+ Kg7 31. Rd3 Ra3 32. Rf3 Kf8 33. g4 Ke7 34. Kg3 Bd4 35. Rd3 c5 36. Bc6 f6 37. exf6+ Kxf6 38. Ba4 e5 39. fxe5+ Kxe5 40. Rf3 h6 41. Rf8 Ra2 42. Re8+ Kf6 43. Rb8 Bf2+ 44. Kf3 Be1 45. Rb5 Bb4 46. Rb6+ Kg5 47. Be8 Bd2 48. Rxg6+ Kh4 49. Rc6 Kxh3 50. Rxc5 Bg5 51. Ba4 Rg2 52. Bd7 Rg3+ 53. Ke4 Rxb3 54. Rxa5 Rc3 55. c5 1-0

[Event "Bad Godesberg op 17th"]
[Site "Bad Godesberg"]
[Date "2013.08.07"]
[Round "5"]
[White "Goede, Heiko"]
[Black "Fehlau, Klaus"]
[Result "1-0"]
[WhiteElo "1911"]
[BlackElo "1730"]
[PlyCount "57"]
[EventDate "2013.08.03"]
[EventType "swiss"]
[EventRounds "9"]
[EventCountry "GER"]
[SourceTitle "CBM 155 Extra"]
[Source "ChessBase"]
[SourceDate "2013.08.26"]
[SourceVersion "1"]
[SourceVersionDate "2013.08.26"]
[SourceQuality "1"]

1. Nf3 Nf6 2. d4 g6 3. g3 d5 4. Bg2 Bg7 5. c4 c6 6. Nbd2 0-0 7. 0-0 Nbd7 8. b3 Ne4 9. Bb2 c5 10. Nxe4 dxe4 11. Ng5 e5 12. Nxe4 exd4 13. e3 dxe3 14. Bxg7 exf2+ 15. Rxf2 Kxg7 16. Qd5 Qe7 17. Rd1 Ne5 18. Nxc5 Bg4 19. Qd6 Qe8 20. Qf6+ Kg8 21. Rd5 Nc6 22. Nxb7 Qe7 23. Qxc6 Rab8 24. Rd3 Bc8 25. Nd6 Rd8 26. Qe4 Qxe4 27. Bxe4 Be6 28. Rfd2 f5 29. Bg2 1-0

[Event "Verbandsliga Mittelrhein-Ost 1213"]
[Site "Germany"]
[Date "2013.05.05"]
[Round "10.7"]
[White "Fehlau, Klaus"]
[Black "Scholl, Thomas"]
[Result "1/2-1/2"]
[WhiteElo "1470"]
[BlackElo "1722"]
[PlyCount "95"]
[EventDate "2012.09.09"]
[EventType "team"]
[EventRounds "11"]
[EventCountry "GER"]
[SourceTitle "EXT 2015"]
[Source "ChessBase"]
[SourceDate "2014.11.20"]
[SourceVersion "1"]
[SourceVersionDate "2014.11.20"]
[SourceQuality "1"]
[WhiteTeam "Godesberg V"]
[BlackTeam "Hennef"]
[WhiteTeamCountry "GER"]
[BlackTeamCountry "GER"]

1. d4 Nf6 2. Nf3 g6 3. Nc3 d5 4. g3 Bg7 5. Bg2 Nbd7 6. 0-0 c6 7. Bf4 0-0 8. Qd3 Nb6 9. Ne5 Bf5 10. e4 dxe4 11. Nxe4 Nfd5 12. Be3 f6 13. Nc4 Qc7 14. Qb3 Kh8 15. Rfe1 Rfd8 16. Rad1 Bg4 17. Rd2 Nxc4 18. Qxc4 Qa5 19. c3 Rab8 20. Nc5 Bf8 21. h3 Bf5 22. Rde2 b5 23. Qb3 Qb6 24. Bc1 e5 25. Ne4 exd4 26. cxd4 Rb7 27. Be3 Nxe3 28. Qxe3 Re7 29. Qc3 Bg7 30. Nd6 Rxe2 31. Rxe2 Rxd6 32. Re8+ Bf8 33. Qb4 Qxd4 34. Rxf8+ Kg7 35. Qxd4 Rxd4 36. Ra8 c5 37. Rxa7+ Kh6 38. g4 Be4 39. f3 Bb1 40. Bf1 Rd1 41. Kf2 Rd2+ 42. Ke3 Rxb2 43. a3 Rb3+ 44. Kf2 c4 45. a4 Ra3 46. Rb7 Rxa4 47. Rxb5 Bc2 48. Rc5 1/2-1/2

[Event "Troisdorf op"]
[Site "Troisdorf"]
[Date "2012.12.04"]
[Round "7"]
[White "Friedrich, Johannes"]
[Black "Fehlau, Klaus"]
[Result "1/2-1/2"]
[WhiteElo "1323"]
[BlackElo "1748"]
[PlyCount "71"]
[EventDate "2012.10.23"]
[EventType "swiss"]
[EventRounds "7"]
[EventCountry "GER"]
[SourceTitle "EXT 2014"]
[Source "ChessBase"]
[SourceDate "2013.11.20"]
[SourceVersion "1"]
[SourceVersionDate "2013.11.20"]
[SourceQuality "1"]

1. e4 e5 2. d4 exd4 3. c3 dxc3 4. Bc4 cxb2 5. Bxb2 Bb4+ 6. Nc3 Qe7 7. Qd3 Nf6 8. 0-0-0 0-0 9. Nb5 Na6 10. e5 Ng4 11. Qg3 d5 12. exd6 cxd6 13. h3 Qg5+ 14. Kb1 Qf5+ 15. Rd3 Qxf2 16. hxg4 Qxg3 17. Rxg3 Bd7 18. g5 Rac8 19. Bd3 Rfe8 20. Bxh7+ Kf8 21. Bd3 Re1+ 22. Bc1 Rcxc1+ 23. Kb2 Rxg1 24. Rh8+ Ke7 25. Re3+ Be6 26. g6 fxg6 27. Bxg6 Kf6 28. Bh7 d5 29. Re8 Bf5 30. Bxf5 Kxf5 31. Nd4+ Kg4 32. Ne2 Bc5 33. Rg3+ Kf5 34. Rf3+ Kg4 35. Rg3+ Kf5 36. Rf3+ 1/2-1/2

[Event "Troisdorf op"]
[Site "Troisdorf"]
[Date "2012.11.06"]
[Round "3"]
[White "Riefer, Alexander"]
[Black "Fehlau, Klaus"]
[Result "1-0"]
[WhiteElo "1828"]
[BlackElo "1748"]
[PlyCount "97"]
[EventDate "2012.10.23"]
[EventType "swiss"]
[EventRounds "7"]
[EventCountry "GER"]
[SourceTitle "EXT 2014"]
[Source "ChessBase"]
[SourceDate "2013.11.20"]
[SourceVersion "1"]
[SourceVersionDate "2013.11.20"]
[SourceQuality "1"]

1. e4 e5 2. f4 exf4 3. Nf3 Nf6 4. e5 Nh5 5. d4 g6 6. Bc4 d5 7. Bd3 Nc6 8. Nc3 Bg4 9. Be2 Bxf3 10. Bxf3 Qh4+ 11. Ke2 0-0-0 12. Nxd5 Nxe5 13. dxe5 c6 14. c4 Bc5 15. Qe1 Qxe1+ 16. Rxe1 cxd5 17. Bxd5 Rhe8 18. Kf3 f6 19. e6 g5 20. Bd2 f5 21. g4 fxg3 22. hxg3 h6 23. Rh1 g4+ 24. Kg2 Nf6 25. Rxh6 Nxd5 26. cxd5 Rxd5 27. Bf4 Bd6 28. Rc1+ Kb8 29. Rc2 Bxf4 30. gxf4 Rd4 31. Rf2 Re4 32. Rf6 R4xe6 33. Rxf5 Rg8 34. Rg5 Rxg5 35. fxg5 Rg6 36. Rf5 Kc7 37. Kg3 Kd6 38. Kxg4 Ke6 39. Rf8 Rg7 40. Rf6+ Ke7 41. Kf5 Rf7 42. Kg6 Rxf6+ 43. gxf6+ Kf8 44. b4 a6 45. Kf5 Kf7 46. Ke5 b6 47. Kf5 Kf8 48. Ke6 a5 49. b5 1-0

[Event "Troisdorf op"]
[Site "Troisdorf"]
[Date "2012.10.23"]
[Round "1"]
[White "Sanders, Frank"]
[Black "Fehlau, Klaus"]
[Result "1-0"]
[WhiteElo "1852"]
[BlackElo "1748"]
[PlyCount "44"]
[EventDate "2012.10.23"]
[EventType "swiss"]
[EventRounds "7"]
[EventCountry "GER"]
[SourceTitle "EXT 2014"]
[Source "ChessBase"]
[SourceDate "2013.11.20"]
[SourceVersion "1"]
[SourceVersionDate "2013.11.20"]
[SourceQuality "1"]

1. e4 e5 2. Nf3 Nc6 3. Nc3 Nf6 4. g3 d5 5. exd5 Nxd5 6. Bg2 Nxc3 7. bxc3 e4 8. Qe2 Qe7 9. Nd4 Nxd4 10. cxd4 f5 11. Rb1 b6 12. 0-0 Bb7 13. Qb5+ Qd7 14. Qe5+ Kd8 15. Bh3 Bc8 16. d3 Qe6 17. Bg5+ Ke8 18. Qxc7 Qd7 19. Qc4 Bb7 20. dxe4 Qc6 21. Qxc6+ Bxc6 22. Bxf5 h6 1-0

[Event "Troisdorf op"]
[Site "Troisdorf"]
[Date "2011.11.15"]
[Round "4"]
[White "Fehlau, Klaus"]
[Black "Koschmieder, Josef"]
[Result "0-1"]
[WhiteElo "1504"]
[BlackElo "1322"]
[PlyCount "58"]
[EventDate "2011.10.25"]
[EventType "swiss"]
[EventRounds "7"]
[EventCountry "GER"]
[SourceTitle "EXT 2013"]
[Source "ChessBase"]
[SourceDate "2012.11.22"]
[SourceVersion "1"]
[SourceVersionDate "2012.11.22"]
[SourceQuality "1"]

1. d4 d5 2. c4 e6 3. Nc3 Nf6 4. Nf3 Be7 5. g3 Nbd7 6. cxd5 Nxd5 7. Bg2 N7f6 8. 0-0 0-0 9. Qc2 c6 10. e4 Nxc3 11. bxc3 h6 12. c4 Bd7 13. e5 Nh7 14. a4 Rc8 15. Qb3 b6 16. Rd1 Qc7 17. d5 cxd5 18. cxd5 exd5 19. Bb2 Rfd8 20. Nd4 Qc4 21. Bxd5 Qxb3 22. Bxb3 Rc7 23. e6 fxe6 24. Bxe6+ Kh8 25. h4 Nf8 26. Bb3 Bf6 27. Rd2 Re8 28. Rad1 a6 29. Re2 Rxe2 0-1

[Event "Troisdorf op"]
[Site "Troisdorf"]
[Date "2011.11.01"]
[Round "2"]
[White "Kinnert, Dieter"]
[Black "Fehlau, Klaus"]
[Result "1-0"]
[WhiteElo "1722"]
[BlackElo "1504"]
[PlyCount "45"]
[EventDate "2011.10.25"]
[EventType "swiss"]
[EventRounds "7"]
[EventCountry "GER"]
[SourceTitle "EXT 2013"]
[Source "ChessBase"]
[SourceDate "2012.11.22"]
[SourceVersion "1"]
[SourceVersionDate "2012.11.22"]
[SourceQuality "1"]

1. e4 e5 2. Nf3 Nc6 3. Bb5 a6 4. Ba4 Nf6 5. d4 Be7 6. d5 b5 7. Bb3 Na5 8. Nxe5 Nxb3 9. axb3 Nxe4 10. Qg4 Nd6 11. 0-0 0-0 12. Bh6 Bf6 13. f4 Kh8 14. Bg5 Ne4 15. Qh5 Nxg5 16. Nd2 Qe7 17. Ng4 Bd4+ 18. Kh1 Ne4 19. Nf3 Bxb2 20. Rae1 Bc3 21. Ng5 h6 22. Rxe4 Qc5 23. Nxh6 1-0

[Event "Troisdorf op"]
[Site "Troisdorf"]
[Date "2011.10.25"]
[Round "1"]
[White "Froh, Indigo"]
[Black "Fehlau, Klaus"]
[Result "1-0"]
[WhiteElo "1869"]
[BlackElo "1504"]
[PlyCount "73"]
[EventDate "2011.10.25"]
[EventType "swiss"]
[EventRounds "7"]
[EventCountry "GER"]
[SourceTitle "EXT 2013"]
[Source "ChessBase"]
[SourceDate "2012.11.22"]
[SourceVersion "1"]
[SourceVersionDate "2012.11.22"]
[SourceQuality "1"]

1. Nf3 Nf6 2. g3 g6 3. Bg2 d5 4. d3 Bg7 5. 0-0 0-0 6. Nbd2 c5 7. e4 Nc6 8. Re1 Qc7 9. c3 e5 10. Nf1 Rd8 11. Qc2 d4 12. cxd4 Nb4 13. Qb3 exd4 14. Bf4 Qe7 15. e5 Be6 16. exf6 Qxf6 17. Qd1 Qf5 18. a3 Nxd3 19. Nh4 Nxb2 20. Nxf5 Nxd1 21. Nxg7 Bb3 22. Bg5 Kxg7 23. Bxd8 Rxd8 24. Nd2 Ba4 25. Rexd1 Bxd1 26. Rxd1 b6 27. Bc6 Rd6 28. Bb5 f5 29. Kf1 Kf6 30. Re1 Re6 31. f4 Rxe1+ 32. Kxe1 Ke6 33. Bc4+ Kd6 34. Nf3 Kc6 35. a4 Kb7 36. Ng5 h6 37. Nf7 1-0

[Event "Bad Godesberg op 15th"]
[Site "Bad Godesberg"]
[Date "2011.07.31"]
[Round "9"]
[White "Fehlau, Klaus"]
[Black "Rozsa, Sandor"]
[Result "0-1"]
[WhiteElo "1504"]
[BlackElo "1671"]
[PlyCount "58"]
[EventDate "2011.07.23"]
[EventType "swiss"]
[EventRounds "9"]
[EventCountry "GER"]
[SourceTitle "EXT 2017"]
[Source "ChessBase"]
[SourceDate "2016.10.25"]
[SourceVersion "1"]
[SourceVersionDate "2016.10.25"]
[SourceQuality "1"]

1. d4 d5 2. c4 c6 3. Nf3 dxc4 4. e4 b5 5. a4 e6 6. axb5 cxb5 7. b3 Bb7 8. bxc4 Bxe4 9. Nc3 Bb4 10. Bd2 Bxc3 11. Bxc3 bxc4 12. Bxc4 Ne7 13. Ne5 0-0 14. Qg4 Bd5 15. Bd3 f6 16. Nf3 f5 17. Qh3 Ng6 18. Bd2 Nd7 19. Ra6 Nb6 20. Ng5 h6 21. Qh5 Rf6 22. h4 Bxg2 23. Rg1 Qxd4 24. Qe2 Nxh4 25. Qe3 Qxe3+ 26. Bxe3 hxg5 27. Ke2 Bf3+ 28. Kd2 Bb7 29. Ra5 Nf3+ 0-1

[Event "Bad Godesberg op 15th"]
[Site "Bad Godesberg"]
[Date "2011.07.30"]
[Round "8"]
[White "Boysen, Christopher"]
[Black "Fehlau, Klaus"]
[Result "1-0"]
[WhiteElo "1698"]
[BlackElo "1504"]
[PlyCount "49"]
[EventDate "2011.07.23"]
[EventType "swiss"]
[EventRounds "9"]
[EventCountry "GER"]
[SourceTitle "EXT 2017"]
[Source "ChessBase"]
[SourceDate "2016.10.25"]
[SourceVersion "1"]
[SourceVersionDate "2016.10.25"]
[SourceQuality "1"]

1. Nf3 Nf6 2. c4 g6 3. d4 c5 4. Nc3 cxd4 5. Nxd4 Bg7 6. Bf4 d6 7. Nb3 Qb6 8. e3 Bf5 9. Bd3 e5 10. Bg5 e4 11. Bxf6 Bxf6 12. Nxe4 Bxb2 13. Rb1 Qb4+ 14. Qd2 Qxd2+ 15. Nbxd2 Ba3 16. Rxb7 Nd7 17. 0-0 Ke7 18. Nb1 Bc5 19. Nxc5 dxc5 20. Bxf5 gxf5 21. Rd1 Rhd8 22. Nc3 Ke6 23. Nd5 Ke5 24. f4+ Ke4 25. Kf2 1-0

[Event "Bad Godesberg op 15th"]
[Site "Bad Godesberg"]
[Date "2011.07.29"]
[Round "7"]
[White "Fehlau, Klaus"]
[Black "Begri, Felix"]
[Result "0-1"]
[WhiteElo "1504"]
[BlackElo "1827"]
[PlyCount "102"]
[EventDate "2011.07.23"]
[EventType "swiss"]
[EventRounds "9"]
[EventCountry "GER"]
[SourceTitle "EXT 2017"]
[Source "ChessBase"]
[SourceDate "2016.10.25"]
[SourceVersion "1"]
[SourceVersionDate "2016.10.25"]
[SourceQuality "1"]

1. d4 Nf6 2. Nf3 e6 3. Nc3 d5 4. Bf4 c5 5. e3 Nc6 6. Nb5 Kd7 7. Nc7 Rb8 8. Ng5 Qe7 9. Nb5 e5 10. dxe5 Nxe5 11. Bxe5 Qxe5 12. Nxf7 Qxb2 13. Nxh8 a6 14. Rb1 Qxa2 15. Nc3 Qa5 16. Rb3 Ke8 17. Qd2 c4 18. Rb2 Bb4 19. Ra2 Qxa2 20. Nxa2 Bxd2+ 21. Kxd2 Be6 22. f3 Kd7 23. Ng6 hxg6 24. Kc3 a5 25. Be2 b5 26. Kd4 b4 27. Kc5 Kc7 28. Rb1 b3 29. cxb3 cxb3 30. Nc3 Bf5 31. e4 dxe4 32. Nb5+ Rxb5+ 33. Kxb5 exf3 34. Rc1+ Kb8 35. Bxf3 b2 36. Re1 b1Q+ 37. Rxb1 Bxb1 38. Kxa5 Kc7 39. Kb5 Kd6 40. g3 Be4 41. Bd1 Nd5 42. Ka5 Bd3 43. Bf3 Ne3 44. h4 Ke5 45. Kb6 Bf5 46. Be2 Bg4 47. Bd3 Kf6 48. Kc6 Nf5 49. Bxf5 Kxf5 50. Kd6 Bh5 51. Ke7 Kg4 0-1

[Event "Troisdorf op "]
[Site "Troisdorf"]
[Date "2010.11.23"]
[Round "5"]
[White "Stadtfeld, Martin"]
[Black "Fehlau, Klaus"]
[Result "1-0"]
[WhiteElo "1623"]
[BlackElo "1395"]
[PlyCount "93"]
[EventDate "2010.10.26"]
[EventType "swiss"]
[EventRounds "7"]
[EventCountry "GER"]
[SourceTitle "EXT 2013"]
[Source "ChessBase"]
[SourceDate "2012.11.22"]
[SourceVersion "1"]
[SourceVersionDate "2012.11.22"]
[SourceQuality "1"]

1. d4 d5 2. c4 e6 3. Nc3 Nf6 4. Nf3 Nc6 5. e3 Bd6 6. Be2 0-0 7. 0-0 dxc4 8. Bxc4 a6 9. a3 b5 10. Ba2 Bb7 11. Qc2 b4 12. axb4 Nxb4 13. Qd1 Qe7 14. Bc4 Rfd8 15. Qe2 e5 16. dxe5 Bxe5 17. Nxe5 Qxe5 18. e4 a5 19. f3 Nh5 20. g3 Nf6 21. Kh1 Nc6 22. Nb5 Nd4 23. Nxd4 Rxd4 24. Bf4 Qc5 25. Rac1 Qe7 26. Rfd1 Rad8 27. Rxd4 Rxd4 28. Rd1 Rxd1+ 29. Qxd1 Nxe4 30. Qe2 Kf8 31. fxe4 Bxe4+ 32. Kg1 Qc5+ 33. Be3 Qf5 34. Qf2 Bf3 35. Bc5+ Kg8 36. Qd4 Qg5 37. Qe3 Qxe3+ 38. Bxe3 Kf8 39. b3 c6 40. Bb6 Bd5 41. Bxd5 cxd5 42. Bxa5 Ke7 43. Kf2 Kd6 44. Bb4+ Kc6 45. Ke3 f5 46. Kd4 g5 47. Ke5 1-0

[Event "Troisdorf op "]
[Site "Troisdorf"]
[Date "2010.11.09"]
[Round "3"]
[White "Campos, Alberto"]
[Black "Fehlau, Klaus"]
[Result "1/2-1/2"]
[WhiteElo "1651"]
[BlackElo "1395"]
[PlyCount "75"]
[EventDate "2010.10.26"]
[EventType "swiss"]
[EventRounds "7"]
[EventCountry "GER"]
[SourceTitle "EXT 2013"]
[Source "ChessBase"]
[SourceDate "2012.11.22"]
[SourceVersion "1"]
[SourceVersionDate "2012.11.22"]
[SourceQuality "1"]

1. d4 d5 2. c4 e6 3. Nc3 Nf6 4. Nf3 Nc6 5. Bg5 Be7 6. e3 0-0 7. Be2 h6 8. Bxf6 Bxf6 9. 0-0 dxc4 10. Bxc4 e5 11. d5 Ne7 12. Ne4 Ng6 13. Qe2 Bf5 14. Ng3 Bg4 15. h3 Bxf3 16. Qxf3 Qd7 17. Rfd1 Rab8 18. Nf5 Nh4 19. Nxh4 Bxh4 20. Bd3 f5 21. Qh5 Bg5 22. Bc4 Qd6 23. Qe2 e4 24. g3 Kh7 25. Rac1 Qg6 26. Kh2 Be7 27. Rg1 Bd6 28. f4 exf3 29. Qxf3 Qg5 30. e4 Rbe8 31. Bd3 Rf6 32. Rce1 g6 33. exf5 Qd2+ 34. Re2 Rxe2+ 35. Qxe2 Qxe2+ 36. Bxe2 Rxf5 37. Bc4 Rf2+ 38. Rg2 1/2-1/2

[Event "Troisdorf op "]
[Site "Troisdorf"]
[Date "2010.11.02"]
[Round "2"]
[White "Fehlau, Klaus"]
[Black "Hiendl, Robert"]
[Result "1-0"]
[WhiteElo "1395"]
[BlackElo "1541"]
[PlyCount "105"]
[EventDate "2010.10.26"]
[EventType "swiss"]
[EventRounds "7"]
[EventCountry "GER"]
[SourceTitle "EXT 2013"]
[Source "ChessBase"]
[SourceDate "2012.11.22"]
[SourceVersion "1"]
[SourceVersionDate "2012.11.22"]
[SourceQuality "1"]

1. d4 Nf6 2. Nf3 c5 3. d5 b5 4. e3 a6 5. c4 g6 6. cxb5 Bg7 7. Nc3 0-0 8. e4 d6 9. h3 Bd7 10. Qb3 axb5 11. Bxb5 Bxb5 12. Qxb5 Nbd7 13. 0-0 Qc7 14. Qe2 Rfb8 15. a4 Rb4 16. Re1 Qb8 17. Qc2 Nb6 18. e5 dxe5 19. Nxe5 Nfxd5 20. Nc6 Qd6 21. Nxb4 Nxb4 22. Qe4 e6 23. Bf4 Qd3 24. a5 Qxe4 25. Rxe4 Nd3 26. Bc7 Nd5 27. Nxd5 exd5 28. Re2 Nxb2 29. Rb1 Nc4 30. Rb8+ Rxb8 31. Bxb8 d4 32. Re8+ Bf8 33. Rd8 Kg7 34. Bc7 Na3 35. a6 Nb5 36. Bb6 Bd6 37. a7 Nxa7 38. Bxa7 Be7 39. Rd5 Kf6 40. Bxc5 Ke6 41. Rxd4 Bxc5 42. Ra4 h5 43. g3 Kf6 44. Kg2 Be7 45. Kf3 Ke5 46. Re4+ Kf6 47. Rf4+ Kg7 48. Ke4 Bg5 49. Rf3 h4 50. g4 Bf6 51. Kd5 g5 52. Kd6 Kf8 53. Rxf6 1-0

[Event "Troisdorf op"]
[Site "Troisdorf"]
[Date "2009.12.01"]
[Round "6"]
[White "Hiendl, Robert"]
[Black "Fehlau, Klaus"]
[Result "1-0"]
[WhiteElo "1605"]
[BlackElo "1302"]
[PlyCount "105"]
[EventDate "2009.10.27"]
[EventType "swiss"]
[EventRounds "7"]
[EventCountry "GER"]
[SourceTitle "EXT 2011"]
[Source "ChessBase"]
[SourceDate "2010.11.26"]
[SourceVersion "1"]
[SourceVersionDate "2010.11.26"]
[SourceQuality "1"]

1. e4 e5 2. Nf3 Nc6 3. Bc4 Bc5 4. c3 Nf6 5. d4 exd4 6. cxd4 Bb4+ 7. Nc3 Nxe4 8. 0-0 Nxc3 9. bxc3 d5 10. cxb4 dxc4 11. Re1+ Ne7 12. Qe2 b5 13. d5 Qd6 14. a3 Bb7 15. Bf4 Qd7 16. Ne5 Qxd5 17. Nf3 Qe6 18. Bxc7 Qxe2 19. Rxe2 Kd7 20. Rd1+ Nd5 21. Bg3 f6 22. Red2 c3 23. Rxd5+ Bxd5 24. Rxd5+ Ke7 25. Nd4 a6 26. Bd6+ Kf7 27. Bc5 Rhd8 28. Rxd8 Rxd8 29. Kf1 Re8 30. Nc2 f5 31. f4 Re4 32. g3 Ke6 33. Kf2 h6 34. h4 Kf7 35. Ne3 Kg6 36. Ke2 Re8 37. Kd3 Rc8 38. Kxc3 a5 39. Kb3 axb4 40. Kxb4 Rb8 41. Bd6 Rb7 42. Kc5 Rf7 43. Kxb5 Kh5 44. Kb6 g5 45. hxg5 hxg5 46. fxg5 Kxg5 47. a4 Rf6 48. Nc4 Re6 49. a5 Re1 50. Kb7 Rb1+ 51. Nb6 Ra1 52. a6 Rxa6 53. Kxa6 1-0

[Event "Troisdorf op"]
[Site "Troisdorf"]
[Date "2009.11.24"]
[Round "5"]
[White "Fehlau, Klaus"]
[Black "Karbach, Helmut"]
[Result "1-0"]
[WhiteElo "1302"]
[BlackElo "1509"]
[PlyCount "49"]
[EventDate "2009.10.27"]
[EventType "swiss"]
[EventRounds "7"]
[EventCountry "GER"]
[SourceTitle "EXT 2011"]
[Source "ChessBase"]
[SourceDate "2010.11.26"]
[SourceVersion "1"]
[SourceVersionDate "2010.11.26"]
[SourceQuality "1"]

1. d4 d5 2. c4 e6 3. Nc3 Nf6 4. Nf3 b6 5. e3 Bb7 6. Bd3 Nbd7 7. 0-0 c5 8. Qe2 Be7 9. Ne5 0-0 10. f4 dxc4 11. Nxc4 a6 12. a3 b5 13. Ne5 cxd4 14. exd4 Nb6 15. Be3 Nbd5 16. Bd2 Qb6 17. Qf2 Rfd8 18. Ne2 Nc7 19. f5 Bd6 20. Nf4 exf5 21. Bxf5 Ne4 22. Bxe4 Bxe4 23. Nxf7 Bxf4 24. Nxd8 Bxd2 25. Qf8# 1-0

[Event "Troisdorf op"]
[Site "Troisdorf"]
[Date "2008.10.14"]
[Round "1"]
[White "Fehlau, Klaus"]
[Black "Witte, Thomas"]
[Result "0-1"]
[WhiteElo "1404"]
[BlackElo "1668"]
[PlyCount "44"]
[EventDate "2008.10.14"]
[EventType "swiss"]
[EventRounds "7"]
[EventCountry "GER"]
[SourceTitle "EXT 2011"]
[Source "ChessBase"]
[SourceDate "2010.11.26"]
[SourceVersion "1"]
[SourceVersionDate "2010.11.26"]
[SourceQuality "1"]

1. d4 e5 2. dxe5 Nc6 3. Nf3 Qe7 4. Bg5 Qb4+ 5. Nbd2 Qxb2 6. Bf4 Bb4 7. e3 Nge7 8. Bc4 Bxd2+ 9. Nxd2 Ng6 10. Rb1 Qa3 11. e6 dxe6 12. Bxc7 Qe7 13. Bg3 0-0 14. h4 Nge5 15. Rb5 Nxc4 16. Nxc4 Rd8 17. Bd6 Qf6 18. Kf1 Qc3 19. Nb2 Na5 20. Ke2 Qc6 21. Rxa5 Qxd6 22. Rc5 Qxc5 0-1